Countries With the Most Islands per Capita 🏝️ - Statistics

General Stats
  • This quiz has been taken 67 times
  • The average score is 10 of 15
Answer Stats
Islands/Person People/Island Country % Correct
.042549 24 Norway
92%
.001262 793 Canada
90%
.025223 40 Sweden
90%
.031636 32 Finland
87%
.005751 174 Micronesia
76%
.001321 757 Solomon Islands
71%
.002314 432 Maldives
70%
.005087 197 Iceland
68%
.001758 568 Bahamas
63%
.011078 90 Palau
62%
.002151 465 Chile
59%
.000937 1,067 Seychelles
59%
.001687 593 Tonga
59%
.001627 615 Estonia
40%
.001077 929 Belize
11%
No matching quizzes found
Score Distribution
Percent of People with Each Score
Percentile by Number Answered
Your Score History
You have not taken this quiz